Представление документа в формате RUSMARC

ПолеНазваниеЗначение
  Тип записи a
  Библиографический уровень m
001 Контрольный номер RU/УОНБ/EK_R/439382744
005 Дата корректировки 20250520123111.0
010 Индекс ISBN __
d Цена 2 р. 10 к.
9 Тираж 50000 экз.
b Уточнения в пер.
100 Данные общей обработки __
a Данные общей обработки 20131203d1982 m y0rusy0189||||ca
101 Язык документа 0_
a Язык текста rus
102 Страна публикации __
a Страна публикации RU
105 Кодированные данные (монография) __
a Кодированные данные (монография) a z 001yy
200 Заглавие и сведения об ответственности 1_
a Заглавие Современное искусство арабского народа Палестины
f Первые сведения об ответственности А.Ф. Бердников. Е.А. Сердюк
210 Выходные данные 1_
a Место издания Москва
c Издательство Искусство
d Дата издания 1982
215 Физическое описание __
a Объем 208 с.
c Иллюстрации/тип воспроизводства ил.
d Формат 17 см
225 Серия 1_
a Серия Очерки истории и теории изобразительных искусств
320 Библиография __
a Библиография Библиогр.: с. 203 (22 назв.)
320 Библиография __
a Библиография Библиогр. в примеч.: с. 196-197
606 Тематические рубрики 0_
a Основная рубрика Изобразительное искусство арабского народа Палестины
610 Ключевые слова 0_
a Ключевые слова живопись арабская
610 Ключевые слова 0_
a Ключевые слова арабский народ Палестины
686 Индексы других классификаций __
a Классификационный индекс 85.103(5)
2 Код системы rubbk
700 Автор _1
a Фамилия Бердников
b Имя (инициалы) А.Ф.
g Полное личное имя Александр Федорович
701 Альтернативная интеллектуальная ответственность _1
a Фамилия Сердюк
b Имя (инициалы) Е.А.
801 Источник записи _0
a Страна RU
b Организация Ульяновская ОНБ
c Дата составления 20131203
g Правила каталогизации RCR
801 Источник записи _1
a Страна RU
b Организация Ульяновская ОНБ
c Дата составления 20131203
g Правила каталогизации RCR
901 Тип документа __
t Тип документа m
909 Создатель записи __
a Создатель записи Аношина
938 Служебная информация __
a Имя БД retro
b Имя библиотеки УОНБ
c Имя АИБС МАРК-SQL
d Номер DOC_ID в БД 83011